| 000 | 00613nam a22002177a 4500 | ||
|---|---|---|---|
| 005 | 20170124110253.0 | ||
| 010 | _aA-024184 | ||
| 020 | _c00.00 | ||
| 035 | _aA-024184 | ||
| 037 | _bCen Lib/Ret | ||
| 040 |
_aDPL _bEN |
||
| 082 |
_a082 _bREA |
||
| 245 | _aReader's digest condensed books / | ||
| 246 | _b | ||
| 260 |
_aLondon _bThe Reader's Digest Associations _c[s.n.] |
||
| 270 |
_bLondon _a25, Berkeley square |
||
| 300 |
_a503p. : _c17cm(Hb) _bill. |
||
| 650 |
_aYers books -- Digest _999992 |
||
| 650 |
_aWorld information -- Digest book _999993 |
||
| 942 |
_2ddc _cEN _h082 _mREA |
||
| 999 |
_c135995 _d135995 |
||